| 000 | 00436nam a2200193Ia 4500 | ||
|---|---|---|---|
| 005 | 20240823024602.0 | ||
| 008 | 240823s9999||||xx |||||||||||||| ||und|| | ||
| 020 | _a978-1-74145-218-2 | ||
| 041 | _aENGLISH | ||
| 082 | _A411 P9 | ||
| 100 | _aNeil James | ||
| 245 | 0 | _aWriting at Work | |
| 250 | _a1st | ||
| 260 |
_c2008 _b"Viva Books,New Delhi" |
||
| 500 | _aYES | ||
| 650 |
_aWriting _bGeneral |
||
| 942 | _cBK | ||
| 999 |
_c184265 _d184265 |
||